000 05259nab a22008777 4500
003 AR-RoUNA
022 _a0327-9022
040 _aAR-RoUNA
_bspa
041 _aspa
044 _aag
245 _aSumma+
260 _aBuenos Aires (Argentina):
_cDonn SA,
_b1993.
300 _a176 p. :
_bil. byn.
_bplanos
_c34X25 cm.
505 0 _tINDICE
505 0 _tSEDES CORPORATIVAS
505 0 _tARQUITECTURA - REVIVIR LA TRADICIÓN
505 0 _aFederico Aja Espil y María Cobelo arqs. / Cervecería y Malteria Quilmes, Quilmes, Buenos Aires, 2004. p. 74
505 0 _tOFICINAS CON AIRES DEL RÍO
505 0 _aEzequiel Kuczer arq. / Oficinas ¨Urquiza al río¨, Urquiza y Paseo de la Costa, Buenos Aires, 2005. p. 84
505 0 _tVIA MATERIAL - CHILE
505 0 _aEstudio + Arquitectos / Edificio Corporativo Vespucio Norte Express, Santiago, Chile, 2004. p. 88
505 0 _aEstudio + Arquitectos / Edificio Corporativo Vespucio Sur, Santiago, Chile, 2005. p. 92
505 0 _tTRABAJO Y ORGANIZACION / LIMA, PERU
505 0 _aOscar Borasino y Ruth Alvarado, arqs. / Nueva Sede Regional de la O.I.T, Lima, Perú, 2004. p. 96
505 0 _tOFICINAS ECOLÓGICAS - ESPAÑA
505 0 _aPablo Notari Oviedo Conurma Ingenieros Consultores / Oficinas Centrales de Airbus en España, Gatafe, Madrid, 2004. p.100
505 0 _tCIUDAD Y MEDIO AMBIENTE
505 0 _aArtemio P. Abba / Región metropolitana de Buenos Aires: el legado de Horacio Torres. p. 104
505 0 _aGabriel Biagioni / Arquitectura con la mano izquierda: una conversación con Patxi Mangado. p. 110
505 0 _aFrancisco Mangado, arqs. / Bodegas Marco Real, Navarra, España, 1991. p. 112
505 0 _aFrancisco Mangado, arqs / Club Deportivo Zuasti, Navarra, España, 2001. p. 114
505 0 _aMangado y Asociados / Prototipo de piscinas en La Coruña, La Coruña, España 2005. p. 116
505 0 _aFrancisco Mangado arq./ Baluarte, Auditorio y Palacio de Congresos de Navarra ( Concurso 1º premio), Navarra, España. p. 122
505 0 _aFrancisco Mangado / Auditorio y Centro Municipal de Exposiciones de Ávila, Ávila, España. p.132
505 0 _aFrancisco Mangado / Auditorio Municipal de Teulada, Alicante, España. p. 135
505 0 _tCASAS - UN MIRADOR SUSPENDIDO - CÓRDOBA
505 0 _aAna Etkin / Casa unifamiliar en el Country Jockey Club Córdoba, Córdoba, 2001. p. 140
505 0 _tCASAS - COMPLEJA INTIMIDAD - ROSARIO
505 0 _aMarcelo Villafañe, Eleonora Flores, Laura Rois, arqs. / Casa Brown, Club de Campo Kentucky, Funes, Santa Fe, 2004. p.144
505 0 _aFRAGMENTOS - MUNTADAS
505 0 _aFlorencia Rodrìguez / Atención: la percepción requiere participación. p. 148
505 0 _tDISEÑO DE INTERIORES - LIVING DE TRABAJO
505 0 _aRTN arqs. Javier Rivarola, Gustavo Trosman / Dos Monos, Buenos Aires,2005. p. 152
505 0 _aPlant & Plant, Diseño y ambientación / Oficinas para la agencia diálogo publicidad, Buenos Aires, 2004. p. 156
505 0 _aTony Díaz / Estación de trenes para Nàpoles. p.160
505 0 _aGrupo M/SG/S/S/S - Diaz Del Bo y Asociados / Concurso internacional Estación de trenes para Nápoles. p. 161
505 0 _aJorge Mele / La construcción profesional de sentido. p. 164
505 0 _aExposición Centro Cultural Recoleta / Exposicion M/SG/S/S/S. p. 164
505 0 _aExposición Centro Cultural Recoleta / Trayectoria Manteola - Sanchez Gomez - Solsoona - Sallaberry. p. 165
505 0 _tPREMIOS HOLCIM DE ARQUITECTURA SUSTENTABLE
505 0 _aArgentina. Hugo E. Gilardi / Jardines en los techos de Buenos Aires. p. 169
505 0 _aBrasil. Michael Laar y otros / Escuela en Río de Janeiro. p. 169
505 0 _aVenezuela. Silvia Soonets y otros / Saneamiento urbano para un poblado chabolista en Caracas. p. 169
505 0 _aItalia. Luigi Centola, Maria giovanna Riitano / Renovación del Valle Mulini. p. 169
505 0 _aCanadá. Daniel S. Pearl y otros / Un diseño integral para el ahorro energético en un conjunto de 187 unidades de vivienda. p. 169
505 0 _aMarruecos. Abdelrhni Fenjiro / Centro comunal de capacitación. p 169
505 0 _aFilipinas. Ronald Cesar Rodriguez / Bases de hormigón para acelerar la regeneración de corales. p. 169
505 0 _aRafael E. J. Iglesias / Ritmos en el espacio. p. 170
505 0 _aRoberto Fernández / Los príncipes del príncipe. p. 172
505 0 _aJorge Ramos y Mario Sabugo / Arte topiaria en Oaxtepec. p.174
505 0 _aTrevor Boddy / Ciudades Portal: el urbanismo y la arquitectura emergente en Hong Kong, Miami, Vancouver, Dubai y Ciudad Panamá. p.176
600 0 _aBrahm, Alex
_927293
600 0 _aBonomi, David
_927294
600 0 _aBartolomé, Maite
_927295
600 0 _aLeturia, Marcelo
_927296
600 1 4 _aMuñoz, Alfredo
_927297
600 0 _aSoto, Francisco
_927298
650 _aArquitectura contemporánea
650 _aArquitectura corporativa
_927299
650 _aArquitectura sustentable
_989
773 0 _aSumma+
_dBuenos Aires, Argentina
_gNº78 (feb-2006 ), p. 176
_x0327-9022
908 _aImp
942 _2udc
_cART
945 _d2022-07-08
980 _6138
_aCarolina Rainero
_85
_gMaría Machado
999 _c12033
_d12033